Безопасность при эксплуатации электротехнических систем (Запись № 258689)

Подробности
000 -МАРКЕР
контрольное поле 02829nam0a2200457 4500
001 - ИДЕНТИФИКАТОР ЗАПИСИ
контрольное поле RU\NLR\bibl\353419
005 - ИДЕНТИФИКАТОР ВЕРСИИ
контрольное поле 20260406042201.0
010 ## - МЕЖДУНАРОДНЫЙ СТАНДАРТНЫЙ НОМЕР КНИГИ (ISBN)
Номер (ISBN) 5-696-02082-8
Уточнения В пер.
Тираж 150
021 ## - НОМЕР ГОСУДАРСТВЕННОЙ РЕГИСТРАЦИИ
Код страны Российская Федерация
Номер 2002-49643
Номер Листа государственной регистраци 2402
035 ## - ДРУГИЕ СИСТЕМНЫЕ НОМЕРА
Идентификатор записи (NLR Aleph) 000348112
100 ## - ДАННЫЕ ОБЩЕЙ ОБРАБОТКИ
Данные общей обработки 20021219d2001 |||y0rusy50 ca
101 0# - ЯЗЫК РЕСУРСА
Язык текста, звукозаписи и т.д. русский
102 ## - СТРАНА ПУБЛИКАЦИИ ИЛИ ПРОИЗВОДСТВА
Страна публикации Российская Федерация
105 ## - ПОЛЕ КОДИРОВАННЫХ ДАННЫХ: ТЕКСТОВЫЕ МАТЕРИАЛЫ, МОНОГРАФИЧЕСКИЕ
Кодированные данные о монографическом текстовом документе a |||||||||
200 1# - ЗАГЛАВИЕ И СВЕДЕНИЯ ОБ ОТВЕТСТВЕННОСТИ
Основное заглавие Безопасность при эксплуатации электротехнических систем
Сведения, относящиеся к заглавию Учеб. пособие
Первые сведения об ответственности Щуцкий В.И., Сидоров А.И.
Последующие сведения об ответственности М-во образования Рос. Федерации, Юж.-Урал. гос. ун-т. Каф. "Безопасность жизнедеятельности"
210 ## - ПУБЛИКАЦИЯ, РАСПРОСТРАНЕНИЕ И ДР.
Место издания, распространения и т.д. Челябинск
Имя издателя, распространителя и т. д. Изд-во Юж.-Урал. гос. ун-та
Дата издания, распространения и т.д. 2001
215 ## - ФИЗИЧЕСКАЯ ХАРАКТЕРИСТИКА
Специфическое обозначение материала и объем 281, [1] с.
Другие сведения о физической характеристике ил.
Размеры 21
320 ## - ПРИМЕЧАНИЯ О НАЛИЧИИ В ДОКУМЕНТЕ БИБЛИОГРАФИИ / УКАЗАТЕЛЯ
Текст примечания Библиогр.: с. 279
606 0# - НАИМЕНОВАНИЕ ТЕМЫ КАК ПРЕДМЕТ
Наименование темы Электротехническая промышленность
Формальный подзаголовок Руководства, пособия и т.п.
Тематический подзаголовок Гигиена труда
Системный номер авторитетной/нормативной записи 1998770
Идентификатор авторитетной/нормативной записи RU\NLR\auth\66918339
606 0# - НАИМЕНОВАНИЕ ТЕМЫ КАК ПРЕДМЕТ
Наименование темы Электротехническая промышленность
Формальный подзаголовок Учебные издания
Тематический подзаголовок Гигиена труда
Системный номер авторитетной/нормативной записи 1998770
Идентификатор авторитетной/нормативной записи RU\NLR\auth\66918339
606 0# - НАИМЕНОВАНИЕ ТЕМЫ КАК ПРЕДМЕТ
Наименование темы Электротравмы
Формальный подзаголовок Руководства, пособия и т.п.
Тематический подзаголовок Первая помощь
Системный номер авторитетной/нормативной записи 1234823
Идентификатор авторитетной/нормативной записи RU\NLR\auth\66503878
606 0# - НАИМЕНОВАНИЕ ТЕМЫ КАК ПРЕДМЕТ
Наименование темы Электротравмы
Формальный подзаголовок Учебные издания
Тематический подзаголовок Первая помощь
Системный номер авторитетной/нормативной записи 1234823
Идентификатор авторитетной/нормативной записи RU\NLR\auth\66503878
606 0# - НАИМЕНОВАНИЕ ТЕМЫ КАК ПРЕДМЕТ
Наименование темы Электрические установки
Формальный подзаголовок Руководства, пособия и т.п. для высшей школы
Тематический подзаголовок Эксплуатация
-- Техника безопасности
Системный номер авторитетной/нормативной записи 1759251
Идентификатор авторитетной/нормативной записи RU\NLR\auth\661084145
606 0# - НАИМЕНОВАНИЕ ТЕМЫ КАК ПРЕДМЕТ
Наименование темы Электрические установки
Формальный подзаголовок Учебные издания для высшей школы
Тематический подзаголовок Эксплуатация
-- Техника безопасности
Системный номер авторитетной/нормативной записи 1759251
Идентификатор авторитетной/нормативной записи RU\NLR\auth\661084145
610 0# - НЕКОНТРОЛИРУЕМЫЕ ПРЕДМЕТНЫЕ ТЕРМИНЫ
Предметный термин Электротехнические установки - Эксплуатация - Техника безопасности
675 ## - УНИВЕРСАЛЬНАЯ ДЕСЯТИЧНАЯ КЛАССИФИКАЦИЯ (UDC/УДК)
Индекс 621.31:658.345.8(075.8)
Издание 3
Язык издания rus
686 ## - ИНДЕКСЫ ДРУГИХ КЛАССИФИКАЦИЙ
Индекс 44
Код системы
686 ## - ИНДЕКСЫ ДРУГИХ КЛАССИФИКАЦИЙ
Индекс 65.247я73
Код системы
686 ## - ИНДЕКСЫ ДРУГИХ КЛАССИФИКАЦИЙ
Индекс Р124.508.12-48я7
686 ## - ИНДЕКСЫ ДРУГИХ КЛАССИФИКАЦИЙ
Индекс Р458.154.1-5,31я7
686 ## - ИНДЕКСЫ ДРУГИХ КЛАССИФИКАЦИЙ
Индекс З29-5н65я73-1
700 #1 - ИМЯ ЛИЦА - ПЕРВИЧНАЯ ОТВЕТСТВЕННОСТЬ
Код отношения Автор
Графика поля Кириллица
Материалы, к которым относится поле rus
Начальный элемент ввода Щуцкий
Часть имени, кроме начального элемента ввода В. И.
Даты 1932-
Расширение инициалов личного имени Виталий Иванович
Системный номер авторитетной/нормативной записи 12709
Идентификатор авторитетной/нормативной записи RU\NLR\AUTH\7729680
701 #1 - ИМЯ ЛИЦА - АЛЬТЕРНАТИВНАЯ ОТВЕТСТВЕННОСТЬ
Код отношения Автор
Графика поля Кириллица
Материалы, к которым относится поле rus
Начальный элемент ввода Сидоров
Часть имени, кроме начального элемента ввода А. И.
Дополнения к именам, кроме дат д-р техн. наук
Даты 1948-
Расширение инициалов личного имени Александр Иванович
Системный номер авторитетной/нормативной записи 112477
Идентификатор авторитетной/нормативной записи RU\NLR\auth\772465
801 #0 - ИСТОЧНИК ЗАПИСИ
Страна Российская Федерация
Организация RKP
Дата составления 20021219
Правила каталогизации PSBO
801 #1 - ИСТОЧНИК ЗАПИСИ
Страна Российская Федерация
Организация RKP
Дата составления 20021219
801 #2 - ИСТОЧНИК ЗАПИСИ
Страна Российская Федерация
Организация NLR
Дата составления 20110812
Правила каталогизации rcr
942 ## - ДОПОЛНИТЕЛЬНЫЕ ЭЛЕМЕНТЫ ЗАПИСИ (АБИС)
Тип экземпляра АБИС Книга
980 ## - КОЛЛЕКЦИЯ
Название коллекции Национальная библиография
980 ## - КОЛЛЕКЦИЯ
Название коллекции НБР
Экземпляры
Тип экземпляра Дата поступления Источник поступления Библиотека постоянного хранения Библиотека текущего хранения Место хранения Шифр хранения Штрих-код Статус экземпляра
Книга 04.01.2003 Обязательный экземпляр РНБ (Московский) РНБ (Московский) Русский книжный фонд: издания с 1957 года 2003-3/123 397592  
Книга 04.01.2003 Обязательный экземпляр РНБ (Московский) РНБ (Московский) Русский книжный фонд: издания с 1957 года 2003-3/123 397593